The Legend of Zelda: Breath of the Wild bosses by pictures - Statistics

General Stats
  • This quiz has been taken 47 times
  • The average score is 6 of 7
Answer Stats
Picture Answer % Correct
Master Kohga
93%
{Fireblight} Ganon
85%
{Thunderblight} Ganon
85%
{Waterblight} Ganon
85%
{Windblight} Ganon
85%
{Calamity} Ganon
80%
{Dark Beast} Ganon
73%
No matching quizzes found
Score Distribution
Percent of People with Each Score
Percentile by Number Answered
Your Score History
You have not taken this quiz